00598nam a2200169Ia 4500008004000000082001800040100002200058245008100080260003500161300000800196440000600204650004100210690002300251906001100274999001700285952012600302210210b1994 xxu||||| |||| 00| 0 eng d a375.6137 SHAE aSHARMA (S R), Ed. aEncyclopaedia of sports health & physical education.5V.V5-secondary schools. aN DbMittal Publicationsc1994 a504 a5 aHealth education Physical education aPhysical Education a048796 c97839d97839 001040738EducationaALbALcEducationd2021-02-17g0.00l0o375.6137 SHAEp048796r2021-02-17 00:00:00w2021-02-17yBK